000 00710nam a2200253Ia 4500
003 OSt
005 20221005060503.0
006 a|||||r|||| 00| 0
007 ta
008 221004b |||||||| |||| 00| 0 eng d
024 _a98050
037 _cTextual
040 _aCRL
_cCRL
_beng
041 _2eng
_aeng
082 _aO111,3M19:g, L4
100 _aBranch Watson G. Ed.
_9496495
245 0 _aMelville
_b The critical heritage
260 _aLondon
_bRoutledge & Kegan Paul UK
_c1974
300 _axix, 444p.
_ccm.
490 _aCritical heritage series
650 _aENGLISH LITERATURE
942 _hO111,3M19:g, L4
_cTEXL
_2cc
999 _c966750
_d966750